Özelleştirmeye karşı kit'leleri ve sosyal devleti korumak ve geliştirmek (Record no. 7543)

MARC details
000 -BAŞLIK
Sabit Uzunlukta Kontrol Alanı 00828na a2200241 4500
001 - KONTROL NUMARASI
Denetim Alanı 13372
003 - KONTROL NUMARASI IDENTIFIER
Denetim Alanı MIRAKIL
005 - SON İŞLEM TARİHİ VE ZAMANI
Denetim Alanı 20181213155142.0
008 - SABİT-BOY VERİ ELEMANLARI - GENEL BİLGİLER
Sabit Uzunlukta Kontrol Alanı 161012b tu 000 0
035 ## - SİSTEM KONTROL NUMARASI
Sistem Kontrol Numarası 13372
040 ## - KATALOGLAMA KAYNAK
Orijinal Kataloglama Ajansı Milas
Kataloglama Dili tur
Metne Dönüştürmek Ajansı TR-AnCHP
041 ## - DİL KODU
Metin / Ses Parça Veya Ayrı Başlığın Dil Kodu tur
082 ## - DEWEY ONLU SINIFLANDIRMA NUMARASI
Sınıflandırma Numarası 331.881
Ürün Numarası T96ö 1998
090 ## - SINIFLAMA NUMARASI
Sınıflama Numarası 331.881 T96ö 1998
110 ## - ANA GİRİŞ - KURUMSAL ADI
Giriş Elemanı Olarak Kurumsal Ad Veya Yargı Alanı Adı Türkiye İşçi Sendikaları Konfederasyonu Araştırma Merkezi
245 ## - BAŞLIK TABLOSU
Başlık Özelleştirmeye karşı kit'leleri ve sosyal devleti korumak ve geliştirmek
Sorumluluk Tablosu, Vb Türkiye İşçi Sendikaları Konfederasyonu Araştırma Merkezi
260 ## - YAYIN, DAĞITIM, VB
Yayın, Dağıtım, Vb Yeri Ankara
Yayın, Dağıtım, Vb Tarihi 1998
300 ## - FİZİKSEL TANIM
Kapsam 95 s.
Diğer Fiziksel Ayrıntıları tbl.; grf.
Boyutlar 25 sm.
610 ## - KONU KATMA GİRİŞ - TOPLANTI ADI
Giriş Elemanı Olarak Kurumsal Ad Veya Yargı Alanı Adı Türkiye İşçi Sendikaları Konfederasyonu (TİSK)
650 ## - KONU KATMA GİRİŞ - TOPİKAL DÖNEM
Topikal Süreli Veya Coğrafi Ad Giriş Elemanı Sosyal devlet
Genel Alt Bölümü Özelleştirme
650 ## - KONU KATMA GİRİŞ - TOPİKAL DÖNEM
Topikal Süreli Veya Coğrafi Ad Giriş Elemanı İşçi sendikaları
Genel Alt Bölümü Araştırmalar
942 ## - EKLENDİ GİRİŞ ELEMANLARI (KOHA)
Sınıflandırma Veya Raf Düzeni Kaynak
Koha Öğesi Türü Books
999 ## - SİSTEM KONTROL NUMARALARI (KOHA)
Koha Biblionumber 7543
Koha Biblioitemnumber 7543
Holdings
Kalıcı Konum Mevcut Konum Edinme Tarihi Edinim Kaynak Toplam Check-Out'Lar Tam Çağrı Numarası Barkod Tarih Son Görülme İtibaren Geçerli Fiyatlar Koha Öğesi Türü
CHP Kütüphanesi CHP Kütüphanesi 08/13/2016 Bağış   331.881 T96ö 1998 001155 08/13/2016 08/13/2016 Books